| 000 | 00492nam a2200169 i 4500 | ||
|---|---|---|---|
| 001 | 70338 | ||
| 003 | ES-MaACL | ||
| 005 | 20230906170806.0 | ||
| 007 | t| | ||
| 008 | 040722s1963 sp ||||1| gao d | ||
| 100 | 1 |
_aGarcía-Sabell, Domingo, _d1909-2003 _955245 |
|
| 245 | 1 | 0 |
_aEnsaios / _cDomingo García-Sabell. |
| 260 |
_a[S.l.] : _bGalaxia, _c1963 ( _eVigo : _fFaro de Vigo) |
||
| 300 |
_a380 p. : _bil. ; _c19 cm. |
||
| 852 |
_aES-MaACL _jE-3923 _bR.51655 |
||
| 999 |
_c70338 _d70338 |
||